[Event "Zalakaros open (Barczay memorial)"]
[Site "Zalakaros"]
[Date "2019.05.28"]
[Round "6.8"]
[White "Videki, Sandor"]
[Black "Krstulovic, Alex"]
[Result "1-0"]
[WhiteElo "2383"]
[BlackElo "2368"]
[PlyCount "81"]
[EventDate "2019.05.23"]
[EventType "swiss"]
[EventRounds "9"]
[EventCountry "HUN"]

1. d4 d5 2. c4 e6 3. Nf3 a6 4. Bg5 Be7 5. Bxe7 Qxe7 6. Nbd2 Nf6 7. e3 O-O 8.
Rc1 Nc6 9. Qb3 Na5 10. Qc3 Nxc4 11. Nxc4 dxc4 12. Bxc4 Bd7 13. O-O Rfd8 14. Ne5
Be8 15. Be2 Rac8 16. Bf3 Nd5 17. Qb3 f6 18. Nd3 Bb5 19. Rfd1 Bxd3 20. Rxd3 c6
21. a3 Rc7 22. g3 Qf7 23. Bg2 Rcd7 24. Rcd1 Ne7 25. Bh3 f5 26. Bf1 Nd5 27. Be2
Nf6 28. R3d2 Ne4 29. Rc2 c5 30. f3 Nf6 31. Rxc5 h5 32. h4 Kh7 33. Re5 Qg6 34.
Kf2 Rd6 35. Qxb7 Nd5 36. Qb3 Rc8 37. Qd3 Rdc6 38. e4 Ne7 39. exf5 Nxf5 40. g4
hxg4 41. fxg4 1-0

[Event "Zalakaros open (Barczay memorial)"]
[Site "Zalakaros"]
[Date "2019.05.28"]
[Round "6.9"]
[White "Horvath, Adam"]
[Black "Szalanczi, Emil"]
[Result "1-0"]
[WhiteElo "2531"]
[BlackElo "2196"]
[PlyCount "69"]
[EventDate "2019.05.23"]
[EventType "swiss"]
[EventRounds "9"]
[EventCountry "HUN"]

1. e4 c5 2. Nf3 d6 3. d4 cxd4 4. Nxd4 Nf6 5. Nc3 g6 6. Be3 Bg7 7. f3 Nc6 8. Qd2
O-O 9. O-O-O Nxd4 10. Bxd4 Be6 11. Kb1 h5 12. Nd5 Bxd5 13. exd5 Qd7 14. h3 b5
15. g4 a5 16. Bxf6 Bxf6 17. gxh5 Qf5 18. hxg6 Bg7 19. gxf7+ Rxf7 20. Bxb5 a4
21. Bd3 Qf6 22. c3 Rb8 23. Rhg1 a3 24. b3 Rc8 25. Rc1 Rc5 26. Be4 Kh8 27. Rg6
Qf4 28. Qxf4 Rxf4 29. Rcg1 Rf7 30. c4 Rc8 31. R6g5 Bh6 32. Rh5 Rf6 33. Bg6 Rg8
34. Rxh6+ Kg7 35. Be4+ 1-0

[Event "Zalakaros open (Barczay memorial)"]
[Site "Zalakaros"]
[Date "2019.05.28"]
[Round "6.12"]
[White "Meszaros, Andras"]
[Black "Souhardo, Basak"]
[Result "1-0"]
[WhiteElo "2285"]
[BlackElo "2082"]
[PlyCount "119"]
[EventDate "2019.05.23"]
[EventType "swiss"]
[EventRounds "9"]
[EventCountry "HUN"]

1. d4 Nf6 2. Nf3 g6 3. Bf4 Bg7 4. e3 d6 5. h3 O-O 6. Be2 Nbd7 7. c4 c6 8. Nc3
Kh8 9. O-O Ng8 10. Bh2 e5 11. Rc1 f5 12. Qb3 Qe7 13. Qa3 Qf6 14. Rfd1 g5 15.
dxe5 dxe5 16. Rd6 Qe7 17. Rcd1 e4 18. Nxg5 Qxg5 19. Rxd7 Bxd7 20. Rxd7 Qf6 21.
Rxb7 Rf7 22. Qa6 Rxb7 23. Qxb7 Rd8 24. Qxa7 Rd2 25. Qb8 Rc2 26. Bf4 Qh4 27. c5
h6 28. Bg3 Qe7 29. Bc4 Qf8 30. Qb3 Rc1+ 31. Kh2 Nf6 32. Ne2 Ra1 33. Bd6 Qd8 34.
Nd4 Ng4+ 35. Kg3 Ne5 36. Ne6 Qf6 37. Qb8+ Kh7 38. Nf8+ Bxf8 39. Bxe5 Qe7 40.
Bd4 Rh1 41. Qf4 Kg6 42. b4 Qd8 43. f3 exf3 44. Be6 Qg5+ 45. Qxg5+ Kxg5 46. Kxf3
Rb1 47. Bf7 Be7 48. g3 Rf1+ 49. Kg2 Rb1 50. a3 h5 51. h4+ Kg4 52. Bc4 Re1 53.
a4 Bd8 54. a5 Bc7 55. a6 Bb8 56. b5 cxb5 57. Bxb5 Ba7 58. Bc4 Bb8 59. c6 Bxg3
60. a7 1-0

[Event "Zalakaros open (Barczay memorial)"]
[Site "Zalakaros"]
[Date "2019.05.28"]
[Round "6.13"]
[White "Chubar, Vladimir"]
[Black "Peczely, Sebastian Zsombor"]
[Result "0-1"]
[WhiteElo "1930"]
[BlackElo "2245"]
[PlyCount "102"]
[EventDate "2019.05.23"]
[EventType "swiss"]
[EventRounds "9"]
[EventCountry "HUN"]

1. Nf3 Nf6 2. d4 g6 3. Bg5 Bg7 4. Nbd2 d6 5. c3 O-O 6. e4 Nbd7 7. Bc4 c6 8. a4
e5 9. dxe5 dxe5 10. h3 Qc7 11. O-O Nc5 12. Qc2 Ne6 13. Be3 Bd7 14. Rfd1 Nh5 15.
g3 Kh8 16. Be2 f5 17. exf5 gxf5 18. Nh4 f4 19. Bxh5 fxe3 20. Ne4 exf2+ 21. Nxf2
Ng5 22. Kg2 c5 23. Kh2 e4 24. Bg4 Bc6 25. Nf5 e3 26. Nxe3 Rxf2+ 27. Qxf2 Ne4
28. Qg2 Nxg3 29. Nd5 Bxd5 30. Qxd5 Ne4+ 31. Kh1 Qf4 32. Rf1 Ng3+ 33. Kg2 Nxf1
34. Rxf1 Qxa4 35. Qxb7 Rd8 36. Rf2 Qe8 37. Bf5 Qh5 38. Qe7 Rg8 39. Bg4 Qd5+ 40.
Kf1 Qh1+ 41. Ke2 Rb8 42. b3 Qc1 43. Rf3 Qc2+ 44. Kf1 Qxb3 45. Qxa7 Bxc3 46.
Qxc5 Qb1+ 47. Kg2 Bg7 48. Rf2 Qe4+ 49. Bf3 Qd3 50. Re2 Rg8 51. Kh2 Qxf3 0-1

[Event "Zalakaros open (Barczay memorial)"]
[Site "Zalakaros"]
[Date "2019.05.28"]
[Round "6.15"]
[White "Csala, Imre"]
[Black "Meszaros, Tamas"]
[Result "0-1"]
[WhiteElo "2062"]
[BlackElo "2385"]
[PlyCount "70"]
[EventDate "2019.05.23"]
[EventType "swiss"]
[EventRounds "9"]
[EventCountry "HUN"]

1. d4 Nf6 2. Nf3 e6 3. g3 b5 4. Bg5 Bb7 5. Nbd2 c5 6. dxc5 Bxc5 7. Bg2 Qb6 8.
e3 Ne4 9. Nxe4 Bxe4 10. Bf4 d6 11. g4 Nd7 12. Qe2 Nf6 13. a3 Qc6 14. h3 e5 15.
Bh2 O-O 16. O-O Bb6 17. Rfd1 Rac8 18. c3 Nd7 19. Nh4 Bxg2 20. Nxg2 Nc5 21. Nh4
g6 22. c4 Nb3 23. cxb5 Qc2 24. Qxc2 Rxc2 25. Ra2 Nc1 26. Ra1 Nb3 27. Ra2 Nd2
28. Bg3 Ne4 29. Ng2 Nxg3 30. fxg3 Rfc8 31. Rda1 d5 32. b4 d4 33. Ne1 R2c3 34.
a4 d3 35. Ng2 Rc1+ 0-1

[Event "Zalakaros open (Barczay memorial)"]
[Site "Zalakaros"]
[Date "2019.05.28"]
[Round "6.16"]
[White "Dobai, Szabolcs"]
[Black "Vanczak, Tamas"]
[Result "0-1"]
[WhiteElo "2192"]
[BlackElo "2311"]
[PlyCount "68"]
[EventDate "2019.05.23"]
[EventType "swiss"]
[EventRounds "9"]
[EventCountry "HUN"]

1. c4 e5 2. g3 Nf6 3. Bg2 c6 4. Nf3 d6 5. Nc3 Be7 6. O-O O-O 7. d3 Nbd7 8. a3
a5 9. Qb3 Nc5 10. Qc2 a4 11. Rb1 Bf5 12. e4 Be6 13. Be3 Nfd7 14. Nd2 f5 15.
exf5 Bxf5 16. Nde4 Ne6 17. Rbd1 Bg4 18. Rde1 Kh8 19. h3 Bf3 20. Bxf3 Rxf3 21.
Kg2 Qf8 22. Qe2 Rf5 23. Qd1 Qf7 24. g4 Qg6 25. Ng3 Rf7 26. Nxa4 Nf4+ 27. Bxf4
exf4 28. Nf5 Rxf5 29. Rxe7 f3+ 30. Kh2 Ne5 31. Rg1 Rf4 32. d4 Nxg4+ 33. Rxg4
Rxg4 34. hxg4 Qxg4 0-1

[Event "Zalakaros open (Barczay memorial)"]
[Site "Zalakaros"]
[Date "2019.05.28"]
[Round "6.17"]
[White "Becskei, Zoltan"]
[Black "Michalicka, Milan"]
[Result "1/2-1/2"]
[WhiteElo "2285"]
[BlackElo "2160"]
[PlyCount "82"]
[EventDate "2019.05.23"]
[EventType "swiss"]
[EventRounds "9"]
[EventCountry "HUN"]

1. d4 Nf6 2. c4 g6 3. g3 Bg7 4. Bg2 d6 5. Nc3 O-O 6. Nf3 c6 7. O-O Qa5 8. e4
Bg4 9. h3 Bxf3 10. Bxf3 e5 11. Be3 Qb4 12. Qd3 Nfd7 13. d5 Nc5 14. Qe2 Na4 15.
Nxa4 Qxa4 16. b3 Qa5 17. h4 cxd5 18. cxd5 f5 19. h5 Nd7 20. hxg6 hxg6 21. Bg2
Nf6 22. Qd3 Qb4 23. a3 fxe4 24. Qb1 Qb5 25. Bxe4 Nxe4 26. Qxe4 Rf6 27. b4 Qd7
28. Rac1 Qf5 29. Qxf5 gxf5 30. Rc7 f4 31. gxf4 exf4 32. Rxg7+ Kxg7 33. Bd4 Kf7
34. Bxf6 Rg8+ 35. Kh2 Kxf6 36. Re1 f3 37. Re6+ Kf5 38. Rxd6 Rg2+ 39. Kh3 Rxf2
40. Rd7 Ra2 41. Rxb7 Rxa3 1/2-1/2

[Event "Zalakaros open (Barczay memorial)"]
[Site "Zalakaros"]
[Date "2019.05.28"]
[Round "6.18"]
[White "Pribelszky, Bence"]
[Black "Konyves, Almos"]
[Result "1-0"]
[WhiteElo "2244"]
[BlackElo "2125"]
[PlyCount "45"]
[EventDate "2019.05.23"]
[EventType "swiss"]
[EventRounds "9"]
[EventCountry "HUN"]

1. d4 d5 2. c4 e6 3. Nc3 Nf6 4. cxd5 exd5 5. Bg5 Be7 6. e3 O-O 7. Bd3 c6 8. Qc2
Nbd7 9. Nge2 Re8 10. O-O Nf8 11. f3 g6 12. Rad1 Ne6 13. Bh4 Ng7 14. Bf2 Bd6 15.
h3 c5 16. dxc5 Bxc5 17. Bb5 Rxe3 18. Nxd5 Nxd5 19. Qxc5 Re5 20. f4 Rf5 21. g4
Ne6 22. Qc4 Nexf4 23. Nxf4 1-0

[Event "Zalakaros open (Barczay memorial)"]
[Site "Zalakaros"]
[Date "2019.05.28"]
[Round "6.19"]
[White "Geher, Koppany"]
[Black "Vegh, Endre"]
[Result "1/2-1/2"]
[WhiteElo "2113"]
[BlackElo "2240"]
[PlyCount "40"]
[EventDate "2019.05.23"]
[EventType "swiss"]
[EventRounds "9"]
[EventCountry "HUN"]

1. e4 c5 2. Nf3 d6 3. d4 cxd4 4. Nxd4 Nf6 5. Nc3 a6 6. h3 e5 7. Nde2 h5 8. Bg5
Be6 9. Bxf6 Qxf6 10. Nd5 Qd8 11. Qd3 Nc6 12. O-O-O Rc8 13. Kb1 g6 14. f4 Bh6
15. a3 exf4 16. Ndxf4 Qf6 17. Nxe6 fxe6 18. c3 O-O 19. Nd4 Ne5 20. Qc2 b5
1/2-1/2

[Event "Zalakaros open (Barczay memorial)"]
[Site "Zalakaros"]
[Date "2019.05.28"]
[Round "6.20"]
[White "Kincs, Imre"]
[Black "Kosztolanczi, Gyula"]
[Result "1-0"]
[WhiteElo "2228"]
[BlackElo "2078"]
[PlyCount "75"]
[EventDate "2019.05.23"]
[EventType "swiss"]
[EventRounds "9"]
[EventCountry "HUN"]

1. d4 Nf6 2. c4 g6 3. g3 Bg7 4. Bg2 d6 5. Nc3 O-O 6. Nf3 Nc6 7. d5 Na5 8. Qd3
c5 9. O-O a6 10. e4 Rb8 11. Bd2 b5 12. b3 bxc4 13. bxc4 Bg4 14. Rab1 Qc7 15.
Na4 Nd7 16. Qc2 Rxb1 17. Rxb1 f5 18. Ng5 fxe4 19. h3 h6 20. hxg4 hxg5 21. Qxe4
Ne5 22. Nb6 Nb7 23. f4 gxf4 24. gxf4 Nf7 25. Qxg6 Nh6 26. Qe6+ Rf7 27. Be4 Nd8
28. Qc8 Bd4+ 29. Kg2 Qxc8 30. Nxc8 Rg7 31. Kf3 Kf7 32. Re1 Ke8 33. Bf5 Nb7 34.
Rb1 Nd8 35. Rb8 Nhf7 36. Na7 e5 37. dxe6 Ng5+ 38. fxg5 1-0

[Event "Zalakaros open (Barczay memorial)"]
[Site "Zalakaros"]
[Date "2019.05.29"]
[Round "7.1"]
[White "Bagi, Mate"]
[Black "Bokros, Albert"]
[Result "1/2-1/2"]
[WhiteElo "2450"]
[BlackElo "2461"]
[PlyCount "20"]
[EventDate "2019.05.23"]
[EventType "swiss"]
[EventRounds "9"]
[EventCountry "HUN"]

1. d4 d5 2. Nc3 Nf6 3. Bf4 e6 4. e3 Bd6 5. Nf3 O-O 6. Bd3 b6 7. O-O Bb7 8. Bxd6
cxd6 9. a4 a6 10. Qe2 Nbd7 1/2-1/2

[Event "Zalakaros open (Barczay memorial)"]
[Site "Zalakaros"]
[Date "2019.05.29"]
[Round "7.2"]
[White "Persanyi, Barnabas"]
[Black "Czebe, Attila"]
[Result "0-1"]
[WhiteElo "2404"]
[BlackElo "2427"]
[PlyCount "78"]
[EventDate "2019.05.23"]
[EventType "swiss"]
[EventRounds "9"]
[EventCountry "HUN"]

1. Nf3 g6 2. g3 b6 3. Bg2 Bb7 4. O-O Bg7 5. d4 Nf6 6. c4 O-O 7. Nc3 Ne4 8. Nxe4
Bxe4 9. Bg5 c5 10. Qd2 cxd4 11. Nxd4 Bxg2 12. Kxg2 Qc7 13. Bxe7 Re8 14. Ba3
Qxc4 15. Rfd1 Nc6 16. Nf3 Rxe2 17. Qxd7 Bxb2 18. Bxb2 Rxb2 19. Rac1 Qe2 20. Rd2
Rxd2 21. Qxd2 Qxd2 22. Nxd2 Nb4 23. a3 Nd5 24. Ne4 Re8 25. Kf3 Kg7 26. g4 h6
27. h3 Re7 28. Nd6 Re6 29. Ne4 Ne7 30. Rc7 Nc6 31. g5 Nd4+ 32. Ke3 Nb5 33.
gxh6+ Kxh6 34. Rxf7 Rxe4+ 35. Kxe4 Nd6+ 36. Kd5 Nxf7 37. Kc6 Ne5+ 38. Kb7 Nc4
39. Kxa7 b5 0-1

[Event "Zalakaros open (Barczay memorial)"]
[Site "Zalakaros"]
[Date "2019.05.29"]
[Round "7.3"]
[White "Gschnitzer, Adrian"]
[Black "Srinath, Rao S.V"]
[Result "1/2-1/2"]
[WhiteElo "2419"]
[BlackElo "2395"]
[PlyCount "22"]
[EventDate "2019.05.23"]
[EventType "swiss"]
[EventRounds "9"]
[EventCountry "HUN"]

1. c4 Nf6 2. Nc3 g6 3. e4 d6 4. d4 Bg7 5. Be2 O-O 6. Be3 e5 7. d5 a5 8. g4 Na6
9. g5 Ne8 10. h4 f5 11. gxf6 Qxf6 1/2-1/2

[Event "Zalakaros open (Barczay memorial)"]
[Site "Zalakaros"]
[Date "2019.05.29"]
[Round "7.4"]
[White "Almasi, Istvan"]
[Black "Videki, Sandor"]
[Result "0-1"]
[WhiteElo "2407"]
[BlackElo "2383"]
[PlyCount "76"]
[EventDate "2019.05.23"]
[EventType "swiss"]
[EventRounds "9"]
[EventCountry "HUN"]

1. d4 d5 2. c4 c6 3. Nc3 Nf6 4. Nf3 dxc4 5. e4 b5 6. Be2 e6 7. O-O Bb7 8. b3
Bb4 9. e5 Nd5 10. Ne4 cxb3 11. Qxb3 h6 12. a4 O-O 13. axb5 cxb5 14. Bxb5 a5 15.
Nc5 Bc6 16. Bd3 Nd7 17. Bb1 Nxc5 18. dxc5 Nc3 19. Be3 Bxf3 20. gxf3 Qc7 21. f4
Rfd8 22. Qc4 Qc6 23. f3 Rac8 24. Kg2 Nd5 25. Bf2 Bd2 26. f5 Nf4+ 27. Kg3 Qc7
28. fxe6 fxe6 29. Qe4 Rd5 30. Rd1 Rf8 31. Rxd2 Rxd2 32. Qh7+ Kf7 33. Kxf4 Rxf2
34. Ra3 Ke7+ 35. Kg3 R2xf3+ 36. Rxf3 Qxe5+ 37. Kf2 Qxh2+ 38. Ke3 Qg1+ 0-1

[Event "Zalakaros open (Barczay memorial)"]
[Site "Zalakaros"]
[Date "2019.05.29"]
[Round "7.6"]
[White "Kantor, Gergely"]
[Black "Ianov, Viktor"]
[Result "1-0"]
[WhiteElo "2516"]
[BlackElo "2298"]
[PlyCount "41"]
[EventDate "2019.05.23"]
[EventType "swiss"]
[EventRounds "9"]
[EventCountry "HUN"]

1. d4 d6 2. e4 Nf6 3. Nc3 e5 4. Nf3 Nbd7 5. g4 Nxg4 6. Rg1 Ngf6 7. Be3 c6 8.
Qd2 b5 9. O-O-O Qa5 10. dxe5 dxe5 11. Kb1 b4 12. Na4 Nxe4 13. Qd3 Nd6 14. Qb3
h6 15. Bh3 Nb6 16. Bxc8 Qxa4 17. Bd7+ Kxd7 18. Qxf7+ Kc8 19. Rxd6 Bxd6 20. Rxg7
Qa6 21. Qe6+ 1-0

[Event "Zalakaros open (Barczay memorial)"]
[Site "Zalakaros"]
[Date "2019.05.29"]
[Round "7.7"]
[White "Varga, Zoltan"]
[Black "Meszaros, Andras"]
[Result "1-0"]
[WhiteElo "2457"]
[BlackElo "2285"]
[PlyCount "99"]
[EventDate "2019.05.23"]
[EventType "swiss"]
[EventRounds "9"]
[EventCountry "HUN"]

1. e4 c5 2. Nf3 Nc6 3. d4 cxd4 4. Nxd4 g6 5. Nxc6 dxc6 6. Qxd8+ Kxd8 7. Bf4 f6
8. e5 Bh6 9. Bxh6 Nxh6 10. exf6 exf6 11. Nc3 Kc7 12. O-O-O Bf5 13. h3 Rad8 14.
Rxd8 Rxd8 15. g4 Be6 16. Bd3 Ng8 17. f4 Re8 18. Kd2 Bf7 19. h4 h6 20. a3 Re7
21. Rh2 b6 22. b4 Be8 23. Ne4 Bf7 24. c4 Be6 25. Nf2 f5 26. g5 Rh7 27. Nh3 Rd7
28. Kc3 h5 29. Ng1 b5 30. cxb5 Ne7 31. bxc6 Nd5+ 32. Kd2 Rd6 33. Ne2 Ne7 34.
Nc3 Bc4 35. Rh3 Nxc6 36. Ke2 Nd4+ 37. Kf2 Rc6 38. b5 Rc5 39. Na4 Bxd3 40. Nxc5
Bxb5 41. Ke3 Nc2+ 42. Kd2 Nd4 43. Nb3 Ne6 44. Ke3 Bc4 45. Nd4 Nc5 46. Nf3 Bb5
47. Rh2 Ne4 48. Rc2+ Kd6 49. Rc8 Ke6 50. Kd4 1-0

[Event "Zalakaros open (Barczay memorial)"]
[Site "Zalakaros"]
[Date "2019.05.29"]
[Round "7.8"]
[White "Peczely, Sebastian Zsombor"]
[Black "Horvath, Jozsef"]
[Result "1/2-1/2"]
[WhiteElo "2245"]
[BlackElo "2451"]
[PlyCount "55"]
[EventDate "2019.05.23"]
[EventType "swiss"]
[EventRounds "9"]
[EventCountry "HUN"]

1. e4 d6 2. d4 Nf6 3. Nc3 e5 4. Nf3 exd4 5. Nxd4 Be7 6. Be2 O-O 7. Be3 Re8 8.
Qd2 Bf8 9. Bg5 h6 10. Bxf6 Qxf6 11. O-O-O a6 12. g4 Nc6 13. Nxc6 bxc6 14. f4
Rb8 15. a3 Rxe4 16. g5 hxg5 17. fxg5 Qe5 18. Bf3 Be7 19. Rhg1 Re3 20. h4 d5 21.
Rde1 d4 22. Nd1 Rxe1 23. Rxe1 Qd6 24. Re4 c5 25. Qe2 Be6 26. g6 Bf8 27. Bh5 Bd5
28. gxf7+ 1/2-1/2

[Event "Zalakaros open (Barczay memorial)"]
[Site "Zalakaros"]
[Date "2019.05.29"]
[Round "7.9"]
[White "Borhy, Marcell"]
[Black "Doric, Nenad"]
[Result "1/2-1/2"]
[WhiteElo "2374"]
[BlackElo "2262"]
[PlyCount "46"]
[EventDate "2019.05.23"]
[EventType "swiss"]
[EventRounds "9"]
[EventCountry "HUN"]

1. d4 Nf6 2. c4 e6 3. g3 d5 4. Bg2 dxc4 5. Nf3 c5 6. O-O Nc6 7. Ne5 Bd7 8. Na3
cxd4 9. Naxc4 Be7 10. Qb3 Qc7 11. Bf4 Nh5 12. Nxc6 Nxf4 13. Nxe7 Nxg2 14. Qb4
a5 15. Nd6+ Kxe7 16. Nf5+ Kf6 17. Qe7+ Kg6 18. Nxd4 Rhe8 19. Qa3 e5 20. Rac1
Qb6 21. Nf3 Qb4 22. Kxg2 Qxa3 23. bxa3 Bc6 1/2-1/2

[Event "Zalakaros open (Barczay memorial)"]
[Site "Zalakaros"]
[Date "2019.05.29"]
[Round "7.10"]
[White "Meszaros, Tamas"]
[Black "Pasztor, Ferenc"]
[Result "1-0"]
[WhiteElo "2385"]
[BlackElo "2225"]
[PlyCount "107"]
[EventDate "2019.05.23"]
[EventType "swiss"]
[EventRounds "9"]
[EventCountry "HUN"]

1. e4 e5 2. Bc4 Nf6 3. d3 d5 4. exd5 Nxd5 5. Nf3 Nc6 6. O-O Be7 7. Re1 Qd6 8.
c3 O-O 9. Nbd2 Bg4 10. h3 Bh5 11. Ne4 Qd8 12. Ng3 Bxf3 13. Qxf3 Nb6 14. Bb3 Bg5
15. Bxg5 Qxg5 16. Re4 Nd7 17. Rg4 Qd8 18. Nf5 g6 19. Qe3 Ne7 20. Ng3 Kh8 21.
Rb4 b6 22. f4 Nc6 23. Rc4 Na5 24. Ra4 Nc5 25. Rxa5 Nxb3 26. axb3 exf4 27. Qxf4
bxa5 28. Ne4 Qe7 29. Rxa5 f5 30. Ng5 Qd6 31. Re5 h6 32. Ne6 g5 33. Qe3 Rf6 34.
Nd4 Raf8 35. b4 a6 36. Re7 c5 37. bxc5 Qxc5 38. Kh1 a5 39. Rb7 a4 40. Qe2 a3
41. bxa3 Qc8 42. Qb2 g4 43. Kh2 h5 44. Re7 R8f7 45. Qe2 Qb8+ 46. Kg1 Qb1+ 47.
Kf2 h4 48. Re8+ Kh7 49. Ne6 Rb7 50. Ng5+ Kg6 51. Rg8+ Kh6 52. Rh8+ Kg6 53. Qe8+
Kxg5 54. Rh5+ 1-0

[Event "Zalakaros open (Barczay memorial)"]
[Site "Zalakaros"]
[Date "2019.05.29"]
[Round "7.11"]
[White "Krstulovic, Alex"]
[Black "Hrbolka, Ladislav Jr"]
[Result "0-1"]
[WhiteElo "2368"]
[BlackElo "2203"]
[PlyCount "80"]
[EventDate "2019.05.23"]
[EventType "swiss"]
[EventRounds "9"]
[EventCountry "HUN"]

1. d4 Nf6 2. c4 g6 3. Nc3 Bg7 4. e4 d6 5. Nf3 O-O 6. Be2 e5 7. O-O Nc6 8. d5
Ne7 9. Ne1 Nd7 10. Be3 f5 11. f3 f4 12. Bf2 g5 13. Nd3 Ng6 14. c5 Nf6 15. a4 h5
16. a5 g4 17. cxd6 cxd6 18. Nb5 g3 19. hxg3 fxg3 20. Bxg3 h4 21. Bf2 Nh5 22.
Rc1 Qg5 23. Kh2 Rf6 24. f4 Ngxf4 25. Nxf4 Nxf4 26. Bf3 Bd7 27. Nc7 Raf8 28. Qd2
Bh6 29. Rc3 Nxg2 30. Qxg5+ Bxg5 31. Rg1 Rxf3 32. Rxf3 Rxf3 33. Kxg2 Rf4 34. Kf1
Bh3+ 35. Ke2 Rxe4+ 36. Kd3 Rg4 37. Bxa7 e4+ 38. Ke2 Bg2 39. Ne6 h3 40. Nxg5 h2
0-1

[Event "Zalakaros open (Barczay memorial)"]
[Site "Zalakaros"]
[Date "2019.05.29"]
[Round "7.12"]
[White "Marton, Jozsef"]
[Black "Tompa, Janos"]
[Result "0-1"]
[WhiteElo "2069"]
[BlackElo "2356"]
[PlyCount "74"]
[EventDate "2019.05.23"]
[EventType "swiss"]
[EventRounds "9"]
[EventCountry "HUN"]

1. d4 Nf6 2. Nf3 e6 3. c4 b6 4. a3 Bb7 5. Nc3 Be7 6. d5 d6 7. e4 c6 8. Be2 cxd5
9. cxd5 e5 10. O-O O-O 11. Be3 Ne8 12. Nd2 Bg5 13. Nc4 Bxe3 14. Nxe3 g6 15. g4
Nd7 16. Bb5 Ndf6 17. Kh1 Ng7 18. Qf3 Bc8 19. Rg1 a6 20. Be2 Ra7 21. Rg2 h6 22.
Rag1 Nh7 23. Qg3 b5 24. Nf5 Bxf5 25. gxf5 g5 26. h4 f6 27. Rh2 Kf7 28. hxg5
Nxg5 29. Rxh6 Rh8 30. Rxh8 Qxh8+ 31. Kg2 Rb7 32. Rh1 Qf8 33. Rh6 Nxf5 34. Rxf6+
Kxf6 35. exf5 Rg7 36. Qh4 Ke7 37. Ne4 Qxf5 0-1

[Event "Zalakaros open (Barczay memorial)"]
[Site "Zalakaros"]
[Date "2019.05.29"]
[Round "7.14"]
[White "Piroska, Istvan"]
[Black "Pribelszky, Bence"]
[Result "1/2-1/2"]
[WhiteElo "2094"]
[BlackElo "2244"]
[PlyCount "55"]
[EventDate "2019.05.23"]
[EventType "swiss"]
[EventRounds "9"]
[EventCountry "HUN"]

1. e4 c5 2. Nf3 e6 3. d4 cxd4 4. Nxd4 a6 5. Nc3 Qc7 6. Be2 Nf6 7. Be3 Bb4 8.
Qd3 Nxe4 9. O-O Nxc3 10. bxc3 Qxc3 11. Qe4 O-O 12. Rab1 Be7 13. Nf5 Qf6 14. Ng3
d5 15. Qg4 e5 16. Qa4 d4 17. Bd2 Bd7 18. Qa5 Bc6 19. Bd3 Nd7 20. f4 b6 21. Rxb6
Bd8 22. Rxc6 Qxc6 23. Qa3 Nc5 24. fxe5 Nxd3 25. Qxd3 Re8 26. Nf5 Qg6 27. Qf3
Bg5 28. h4 1/2-1/2

[Event "Zalakaros open (Barczay memorial)"]
[Site "Zalakaros"]
[Date "2019.05.29"]
[Round "7.15"]
[White "Fucak, Emilio Milko"]
[Black "Kincs, Imre"]
[Result "1/2-1/2"]
[WhiteElo "2180"]
[BlackElo "2228"]
[PlyCount "110"]
[EventDate "2019.05.23"]
[EventType "swiss"]
[EventRounds "9"]
[EventCountry "HUN"]

1. c4 g6 2. g3 Bg7 3. Bg2 Nf6 4. e4 d6 5. Nc3 O-O 6. Nge2 h5 7. d3 c5 8. Bg5
Nc6 9. Qd2 Nh7 10. Bh6 Bxh6 11. Qxh6 e6 12. O-O-O a6 13. g4 Ne5 14. h3 g5 15.
f4 Ng6 16. gxh5 Nh4 17. fxg5 Qxg5+ 18. Qxg5+ Nxg5 19. Rhg1 Kh8 20. d4 Rg8 21.
dxc5 dxc5 22. e5 Rb8 23. Bh1 b5 24. Rg4 b4 25. Ne4 Nxe4 26. Rxg8+ Kxg8 27. Rd8+
Kg7 28. Bxe4 Bb7 29. Rxb8 Bxe4 30. Rc8 Bd3 31. Nf4 Bxc4 32. b3 Bb5 33. Rxc5 Nf3
34. Kc2 Kh6 35. Nd3 Nd4+ 36. Kd2 Nc6 37. Rxc6 Bxc6 38. Nxb4 Bb7 39. Ke3 Kxh5
40. Nd3 a5 41. Nb2 Bg2 42. Nc4 a4 43. bxa4 Bxh3 44. a5 Bg2 45. a6 Kg5 46. Nd6
f5 47. exf6 Kxf6 48. Ne4+ Ke5 49. Nc3 Kd6 50. a4 Kc7 51. a5 e5 52. Na4 Kb8 53.
Nc5 Ka7 54. Nd3 Kxa6 55. Nxe5 Kxa5 1/2-1/2

[Event "Zalakaros open (Barczay memorial)"]
[Site "Zalakaros"]
[Date "2019.05.29"]
[Round "7.16"]
[White "Csonka, Attila Istvan"]
[Black "Suta, Andraz"]
[Result "1-0"]
[WhiteElo "2376"]
[BlackElo "2175"]
[PlyCount "95"]
[EventDate "2019.05.23"]
[EventType "swiss"]
[EventRounds "9"]
[EventCountry "HUN"]

1. e4 e5 2. Nf3 Nc6 3. Bc4 Bc5 4. b4 Bxb4 5. c3 Be7 6. d4 Na5 7. Bd3 d6 8. dxe5
dxe5 9. Nxe5 Nf6 10. O-O O-O 11. Qc2 c6 12. Nd2 Qc7 13. f4 b5 14. Ndf3 a6 15.
Be3 c5 16. c4 Bb7 17. Rae1 Rad8 18. Bd2 Qb6 19. Qc3 Nxc4 20. Nxc4 bxc4 21. Bb1
Bc6 22. Ne5 Ba4 23. Nxc4 Qb4 24. Qc1 Qb8 25. Bc3 Bb5 26. Be5 Qc8 27. Rf3 Qe6
28. Ne3 Bd3 29. Nf5 Bxb1 30. Qxb1 Rfe8 31. Qb2 Bf8 32. Rg3 Kh8 33. h3 Rd7 34.
Ree3 Red8 35. Nxg7 Bxg7 36. Rxg7 Kxg7 37. Bxf6+ Kf8 38. Bxd8 Rxd8 39. f5 Qh6
40. Qh8+ Ke7 41. Qe5+ Kf8 42. Qxc5+ Ke8 43. Qe5+ Kf8 44. Rb3 f6 45. Qc7 Ke8 46.
Rb7 Qf8 47. Qc6+ Rd7 48. Qxd7# 1-0

[Event "Zalakaros open (Barczay memorial)"]
[Site "Zalakaros"]
[Date "2019.05.29"]
[Round "7.17"]
[White "Haselbach, David"]
[Black "Becskei, Zoltan"]
[Result "0-1"]
[WhiteElo "2109"]
[BlackElo "2285"]
[PlyCount "112"]
[EventDate "2019.05.23"]
[EventType "swiss"]
[EventRounds "9"]
[EventCountry "HUN"]

1. d4 Nf6 2. Nf3 g6 3. Bg5 Bg7 4. Nbd2 O-O 5. c3 d6 6. e4 Nbd7 7. Be2 e5 8.
dxe5 Nxe5 9. Nxe5 dxe5 10. O-O b6 11. Qc2 Bb7 12. f3 Qe8 13. a4 h6 14. Be3 Nh7
15. a5 Rb8 16. axb6 axb6 17. c4 Ng5 18. c5 Qc6 19. Rfc1 b5 20. Nb3 Bc8 21. Na5
Qf6 22. c6 Ne6 23. Ba7 Ra8 24. Bc5 Nd4 25. Bxd4 exd4 26. Bd3 h5 27. Nb3 Rb8 28.
Ra7 Bh6 29. Rca1 Bf4 30. Ra8 Rxa8 31. Rxa8 h4 32. h3 Qg5 33. Kf1 Be3 34. Ke1
Qg3+ 35. Kd1 Kg7 36. Nc5 Bxh3 37. Rxf8 Bxg2 38. Rxf7+ Kxf7 39. Qb3+ Kg7 40. Qe6
Qxf3+ 41. Kc2 Qf7 42. Qe5+ Kh7 43. Nd7 h3 44. Nf6+ Kg7 45. Ng4+ Kf8 46. Qh8+
Ke7 47. Qe5+ Kd8 48. Qxb5 Qe6 49. Ne5 Ke7 50. Qb4+ Kf6 51. Nd7+ Kg5 52. Qc5+
Kh4 53. Nf8 Qf6 54. Nd7 Qf2+ 55. Kb3 h2 56. Qe7+ Kg3 0-1

[Event "Zalakaros open (Barczay memorial)"]
[Site "Zalakaros"]
[Date "2019.05.29"]
[Round "7.18"]
[White "Vegh, Endre"]
[Black "Michalicka, Milan"]
[Result "0-1"]
[WhiteElo "2240"]
[BlackElo "2160"]
[PlyCount "98"]
[EventDate "2019.05.23"]
[EventType "swiss"]
[EventRounds "9"]
[EventCountry "HUN"]

1. d4 Nf6 2. c4 g6 3. Nc3 Bg7 4. e4 d6 5. f3 O-O 6. Nge2 a6 7. Bg5 Nbd7 8. Qd2
c5 9. d5 b5 10. cxb5 Qa5 11. a4 Nb6 12. Nc1 axb5 13. Bxb5 Ba6 14. Ra3 Nc4 15.
Bxc4 Bxc4 16. b3 Qb4 17. Nb1 Rfb8 18. Qxb4 Rxb4 19. Bd2 Rb7 20. Nc3 Ba6 21.
N3a2 Nd7 22. Bc3 Bxc3+ 23. Nxc3 c4 24. Kd2 Nc5 25. bxc4 Rb2+ 26. Ke3 Rxg2 27.
N1e2 Bxc4 28. f4 Nxe4 29. Kxe4 Bxe2 30. Ra2 Bf1 31. Ra1 f5+ 32. Kf3 Rc2 33.
Rhxf1 Rxc3+ 34. Kg2 Ra5 35. Rfe1 Kf7 36. Rab1 Rxa4 37. Rb7 Re4 38. Rxe4 fxe4
39. Rb4 Rc2+ 40. Kg3 e3 41. Re4 e2 42. Kg4 Rd2 43. h4 Rxd5 44. Rxe2 Kf6 45. Ra2
h5+ 46. Kf3 Rd3+ 47. Kg2 Kf5 48. Re2 e6 49. Re1 Rd4 0-1